Nonlinear analysis (Record no. 4144)

MARC details
000 -LEADER
fixed length control field 00588 a2200181 4500
000 - LEADER
fixed length control field BKB
001 - CONTROL NUMBER
control field 070716
005 - DATE AND TIME OF LATEST TRANSACTION
control field 20200902150855.0
008 - FIXED-LENGTH DATA ELEMENTS--GENERAL INFORMATION
fixed length control field
082 ## - DEWEY DECIMAL CLASSIFICATION NUMBER
Classification number 515.7
Item number G21N
100 1# - MAIN ENTRY--PERSONAL NAME
Personal name Gasinski, Leszek
245 1# - TITLE STATEMENT
Title Nonlinear analysis
Statement of responsibility, etc by Leszek Gasinski and Nikolaos S. Papageorgiou
260 ## - PUBLICATION, DISTRIBUTION, ETC. (IMPRINT)
Place of publication, distribution, etc London
Name of publisher, distributor, etc CRC Press
Date of publication, distribution, etc 2006
300 ## - PHYSICAL DESCRIPTION
Extent 9v. (971p.)
690 ## - LOCAL SUBJECT ADDED ENTRY--TOPICAL TERM (OCLC, RLIN)
Topical term or geographic name as entry element Nonlinear functional analysis; Mathematical analysis; Nonlinear theories; Functional analysis
700 ## - ADDED ENTRY--PERSONAL NAME
Personal name Papageorgiou, Nikolaos S.
Numeration
Titles and other words associated with a name
964 ## -
--
-- ENG
--
--
--
--
--
Holdings
Withdrawn status Lost status Damaged status Not for loan Home library Current library Date acquired Cost, normal purchase price Total Checkouts Full call number Barcode Date last seen Price effective from Koha item type
        Central University Of Rajasthan Central University Of Rajasthan 07/03/2012 6189.70   515.7 G21N 5003 21/11/2024 02/09/2020 Books